000 00857cam a2200277 i 4500
001 768714001
003 CO-MdBIC
005 20231130164807.0
008 231130s1974 sp ||||| |||| 00| 0 spa d
020 _a84-301-0574-3
040 _bspa.
_aCO-MdFUSB
_cCO-MdFUSB
_dCO-MdFUSBC
_erda
041 _aspa
082 0 4 _aG 231.72 P1945t
100 1 _aPannenberg, Wolfhart (1928-)
245 1 0 _aTeología y reino de Dios / Wolfhart Pannenberg ; Antonio Caparrós, Traductor
_c/
264 1 _aSalamanca, España : Sígueme
_bEdiciones Sígueme,
_c[1974]
264 4 _c©1974
300 _a125 Pag
_c;
336 _atexto
_btxt
_2rdacontent
337 _2rdamedia
_asin mediación
_bn
338 _2rdacarrier
_avolumen
_bnc
500 _aTítulo original : Theologie und Reich Gottes
650 1 7 _aReino de Dios
_9219
942 _cBK
945 _ajohan1477
999 _c34478
_d34478